Horsiest States (by Fewest People per Horse) - Statistics

General Stats
  • This quiz has been taken 17 times
  • The average score is 9 of 10
Answer Stats
People per Horse State % Correct
7.1 Montana
100%
8.8 Idaho
93%
12.9 Kentucky
93%
5.1 Wyoming
93%
10.7 North Dakota
87%
10.8 Oklahoma
87%
6.4 South Dakota
87%
14.8 Iowa
80%
11.6 Nebraska
80%
12.9 New Mexico
80%
No matching quizzes found
Score Distribution
Percent of People with Each Score
Percentile by Number Answered
Your Score History
You have not taken this quiz